[Event "SLO-chT2 Ost"]
[Site "Slovenia"]
[Date "2021.10.16"]
[Round "9.2"]
[White "Ahmatovic, Hilmija"]
[Black "Lorger, Rastko"]
[Result "1/2-1/2"]
[WhiteElo "1847"]
[BlackElo "1961"]
[PlyCount "62"]
[EventDate "2021.09.11"]
[EventType "team-tourn"]
[EventRounds "9"]
[EventCountry "SLO"]
[SourceTitle "EXT 2024"]
[Source "ChessBase"]
[SourceDate "2023.10.10"]
[SourceVersion "1"]
[SourceVersionDate "2023.10.10"]
[SourceQuality "1"]
[WhiteTeam "Krsko Triglav II"]
[BlackTeam "Konjice Slovenske"]
[WhiteTeamCountry "SLO"]
[BlackTeamCountry "SLO"]

1. c4 Nf6 2. Nc3 g6 3. g3 Bg7 4. Bg2 0-0 5. d3 d6 6. Nf3 c6 7. h3 e5 8. Rb1 a5 9. 0-0 Na6 10. Bg5 h6 11. Bxf6 Bxf6 12. e4 Bg7 13. a3 Be6 14. b4 axb4 15. axb4 Nc7 16. b5 Qd7 17. Kh2 Ra3 18. Qc2 Rfa8 19. Qb2 cxb5 20. cxb5 d5 21. b6 Ne8 22. Ra1 Rxa1 23. Rxa1 Rxa1 24. Qxa1 dxe4 25. dxe4 Qc6 26. Qb2 Nd6 27. Nd2 Nc8 28. Nd5 Kh7 29. g4 Bf8 30. Nf6+ Kg7 31. Nd5 f6 1/2-1/2

[Event "SLO-chT2 East"]
[Site "Slovenia"]
[Date "2018.11.13"]
[Round "6"]
[White "Cojhter, Karl"]
[Black "Ahmatovic, Hilmija"]
[Result "1/2-1/2"]
[WhiteElo "1918"]
[BlackElo "1899"]
[PlyCount "60"]
[EventDate "2018.09.15"]
[EventType "team-tourn"]
[EventRounds "9"]
[EventCountry "SLO"]
[SourceTitle "EXT 2021"]
[Source "ChessBase"]
[SourceDate "2020.10.23"]
[SourceVersion "1"]
[SourceVersionDate "2020.10.23"]
[SourceQuality "1"]
[WhiteTeam "Maribor ZSK III"]
[BlackTeam "Krsko Triglav II"]
[WhiteTeamCountry "SLO"]
[BlackTeamCountry "SLO"]

1. e4 c5 2. c3 e5 3. Nf3 Nc6 4. Bc4 h6 5. 0-0 d6 6. d4 Qc7 7. Na3 a6 8. h3 Nf6 9. Re1 Be7 10. dxe5 dxe5 11. Nh4 b5 12. Bf1 Be6 13. Nf5 0-0 14. Qf3 Bxf5 15. Qxf5 Qd7 16. Qf3 Rad8 17. Nc2 Qe6 18. Ne3 g6 19. Nd5 Nxd5 20. exd5 Qxd5 21. Qxd5 Rxd5 22. Bxh6 Rfd8 23. Be3 f6 24. c4 Nd4 25. cxd5 Nc2 26. a4 Nxe1 27. Rxe1 bxa4 28. Bxc5 Bxc5 29. Bxa6 Ra8 30. Bc4 a3 1/2-1/2

[Event "SLO-chT2 East"]
[Site "Slovenia"]
[Date "2017.11.25"]
[Round "6"]
[White "Ahmatovic, Hilmija"]
[Black "Spelec, Darko"]
[Result "1/2-1/2"]
[WhiteElo "1891"]
[BlackElo "1973"]
[PlyCount "49"]
[EventDate "2017.09.30"]
[EventType "team-tourn"]
[EventRounds "9"]
[EventCountry "SLO"]
[SourceTitle "EXT 2019"]
[Source "ChessBase"]
[SourceDate "2018.10.10"]
[SourceVersion "1"]
[SourceVersionDate "2018.10.10"]
[SourceQuality "1"]

1. d4 Nf6 2. c4 e6 3. Nc3 Bb4 4. Bd2 0-0 5. g3 Nc6 6. Nf3 Bxc3 7. Bxc3 Ne4 8. Qd3 f5 9. d5 exd5 10. Qxd5+ Kh8 11. Qd3 d6 12. Bg2 Qe7 13. e3 a5 14. a4 f4 15. 0-0 Nxc3 16. Qxc3 fxe3 17. fxe3 Bf5 18. Nd4 Be4 19. Nxc6 bxc6 20. Bxe4 Qxe4 21. Rf4 Rxf4 22. gxf4 Qg6+ 23. Kf2 Qe4 24. Kg1 Qg6+ 25. Kf2 1/2-1/2

[Event "SLO-CupT"]
[Site "Radenci"]
[Date "2014.05.03"]
[Round "4"]
[White "Ahmatovic, Hilmija"]
[Black "Breznik, Kristijan"]
[Result "0-1"]
[WhiteElo "1936"]
[BlackElo "2158"]
[PlyCount "94"]
[EventDate "2014.05.02"]
[EventType "team-tourn"]
[EventRounds "7"]
[EventCountry "SLO"]
[SourceTitle "EXT 2019"]
[Source "ChessBase"]
[SourceDate "2018.10.10"]
[SourceVersion "1"]
[SourceVersionDate "2018.10.10"]
[SourceQuality "1"]
[WhiteTeam "Krsko Triglav"]
[BlackTeam "Slovenska Bistrica Impol"]
[WhiteTeamCountry "SLO"]
[BlackTeamCountry "SLO"]

1. e4 c5 2. Nf3 Nc6 3. Bc4 e6 4. c3 Nf6 5. d3 d5 6. exd5 exd5 7. Bb5 Be7 8. 0-0 0-0 9. Bxc6 bxc6 10. h3 Bf5 11. Nh4 Be6 12. Nf3 h6 13. Ne5 Bd6 14. f4 Qc7 15. Re1 Rfe8 16. Nd2 Nd7 17. Ndf3 Bf5 18. g4 Bh7 19. Nxd7 Rxe1+ 20. Nxe1 Qxd7 21. Ng2 f5 22. Qf3 Rf8 23. g5 hxg5 24. fxg5 f4 25. Nh4 Bf5 26. g6 Bxh3 27. Qh5 Qg4+ 28. Qxg4 Bxg4 29. Bd2 Be2 30. d4 f3 31. Kf2 Bg3+ 32. Kxg3 f2 33. dxc5 f1Q 34. Rxf1 Rxf1 35. b4 Bd3 36. Be3 Ra1 37. a4 Rxa4 38. Kf4 a5 39. Bd2 d4 40. cxd4 axb4 41. Ke3 Bb1 42. Nf3 Bxg6 43. Ne5 Be8 44. Nc4 Bf7 45. Nb6 Ra3+ 46. Ke4 b3 47. Bc3 Ra2 0-1

[Event "SLO-chT2 East"]
[Site "Brezice Maribor"]
[Date "2008.11.15"]
[Round "9"]
[White "Volcansek, Joze"]
[Black "Ahmatovic, Hilmija"]
[Result "0-1"]
[WhiteElo "1815"]
[BlackElo "1936"]
[PlyCount "69"]
[EventDate "2008.10.24"]
[EventType "team-tourn"]
[EventRounds "9"]
[EventCountry "SLO"]
[SourceTitle "EXT 2010"]
[Source "ChessBase"]
[SourceDate "2010.11.25"]
[SourceVersion "1"]
[SourceVersionDate "2010.11.25"]
[SourceQuality "1"]

1. d4 d5 2. Nf3 Nc6 3. Bf4 Bf5 4. e3 e6 5. Bb5 Bd6 6. Ne5 Nge7 7. g4 Bg6 8. Nd2 Bxe5 9. Bxe5 f6 10. Bg3 a6 11. Ba4 b5 12. Bb3 Na5 13. c3 Qc8 14. Bc2 Nc4 15. b3 Nxd2 16. Qxd2 c5 17. Bxg6+ Nxg6 18. h4 Qc6 19. 0-0 0-0 20. h5 Ne7 21. b4 c4 22. Qe2 Nc8 23. f3 Ra7 24. Qh2 Raf7 25. a3 Qd7 26. Rf2 e5 27. Qg2 exd4 28. exd4 Re8 29. Re2 Rxe2 30. Qxe2 Re7 31. Qd2 Nb6 32. Re1 Na4 33. Re3 Qe8 34. Rxe7 Qxe7 35. Bf4 0-1

[Event "SLO-chT2 East"]
[Site "Brezice Maribor"]
[Date "2008.05.24"]
[Round "1"]
[White "Brdnik, Roman"]
[Black "Ahmatovic, Hilmija"]
[Result "1-0"]
[WhiteElo "1865"]
[BlackElo "1936"]
[PlyCount "28"]
[EventDate "2008.10.24"]
[EventType "team-tourn"]
[EventRounds "9"]
[EventCountry "SLO"]
[SourceTitle "EXT 2010"]
[Source "ChessBase"]
[SourceDate "2010.11.25"]
[SourceVersion "1"]
[SourceVersionDate "2010.11.25"]
[SourceQuality "1"]

1. d4 d5 2. c4 e5 3. Nc3 dxc4 4. d5 c6 5. e4 b5 6. dxc6 Bb4 7. Qxd8+ Kxd8 8. Bg5+ f6 9. 0-0-0+ Bd7 10. Nxb5 Nxc6 11. Be3 Na5 12. Ne2 Nh6 13. f3 Rb8 14. Nbc3 Rb7 1-0